Наследственная механика дислокационных ансамблей. Компьютерные модели и эксперимент

Detalhes bibliográficos
Autor principal: Волынцев А. Б. Анатолий Борисович
Idioma:russo
Publicado em: Иркутск, Изд-во Иркут. ун-та, 1990
Assuntos:
Formato: Livro
KOHA link:https://koha.lib.tpu.ru/cgi-bin/koha/opac-detail.pl?biblionumber=199305

MARC

LEADER 00000nam0a2200000 4500
001 199305
005 20231101224855.0
010 |a 574300207X 
020 |a RU  |b 90-65992 
035 |a (RuTPU)RU\TPU\book\217332 
090 |a 199305 
100 |a 20110729d1990 m a0rusy5003 ca 
101 0 |a rus 
102 |a RU 
105 |a a z 001zy 
200 1 |a Наследственная механика дислокационных ансамблей. Компьютерные модели и эксперимент  |f А. Б. Волынцев 
210 |a Иркутск  |c Изд-во Иркут. ун-та  |d 1990 
215 |a 287 с.  |c ил.  |d 22 см 
320 |a Библиогр.: с. 273-287. (193 назв.) 
606 1 |a Кристаллы  |x Дислокации  |2 stltpush  |3 (RuTPU)RU\TPU\subj\80318  |9 88043 
610 1 |a компьютерные модели 
610 1 |a эксперименты 
610 1 |a строение 
675 |a 548.4  |z rus 
700 1 |a Волынцев  |b А. Б.  |g Анатолий Борисович  |4 070 
801 0 |a RU  |b RuMRKP  |c 19950417  |g psbo 
801 1 |a RU  |b 63413507  |c 20110729 
801 2 |a RU  |b 63413507  |c 20200818  |g RCR 
942 |c BK